<?xml version="1.0" encoding="UTF-8"?><?xml-stylesheet type="text/xsl" href="static/style.xsl"?><OAI-PMH xmlns="http://www.openarchives.org/OAI/2.0/" xmlns:xsi="http://www.w3.org/2001/XMLSchema-instance" xsi:schemaLocation="http://www.openarchives.org/OAI/2.0/ http://www.openarchives.org/OAI/2.0/OAI-PMH.xsd"><responseDate>2026-04-14T09:39:04Z</responseDate><request verb="GetRecord" identifier="oai:www.recercat.cat:10230/27674" metadataPrefix="marc">https://recercat.cat/oai/request</request><GetRecord><record><header><identifier>oai:recercat.cat:10230/27674</identifier><datestamp>2025-12-13T20:57:20Z</datestamp><setSpec>com_2072_6</setSpec><setSpec>col_2072_452954</setSpec></header><metadata><record xmlns="http://www.loc.gov/MARC21/slim" xmlns:dcterms="http://purl.org/dc/terms/" xmlns:xsi="http://www.w3.org/2001/XMLSchema-instance" xmlns:doc="http://www.lyncode.com/xoai" xsi:schemaLocation="http://www.loc.gov/MARC21/slim http://www.loc.gov/standards/marcxml/schema/MARC21slim.xsd">
   <leader>00925njm 22002777a 4500</leader>
   <datafield ind2=" " ind1=" " tag="042">
      <subfield code="a">dc</subfield>
   </datafield>
   <datafield ind2=" " ind1=" " tag="720">
      <subfield code="a">Ribàs Ustrell, Jordi</subfield>
      <subfield code="e">author</subfield>
   </datafield>
   <datafield ind2=" " ind1=" " tag="260">
      <subfield code="c">2016-12-01T15:50:42Z</subfield>
   </datafield>
   <datafield ind2=" " ind1=" " tag="260">
      <subfield code="c">2016-12-01T15:50:42Z</subfield>
   </datafield>
   <datafield ind2=" " ind1=" " tag="260">
      <subfield code="c">2016</subfield>
   </datafield>
   <datafield ind2=" " ind1=" " tag="520">
      <subfield code="a">Treball de fi de grau d&amp;apos;Humanitats. Curs 2015-2016</subfield>
   </datafield>
   <datafield ind2=" " ind1=" " tag="520">
      <subfield code="a">Director: Josep Pich i Mitjana</subfield>
   </datafield>
   <datafield ind2=" " ind1=" " tag="520">
      <subfield code="a">Aquest treball pren com a eix la vida i l&amp;apos;obra de l&amp;apos;escriptor català Xavier Benguerel i Llobet (1905-1990), i té l&amp;apos;objectiu doble de proporcionar un resum de la seva biografia des que va néixer fins que es va exiliar a Xile el 1940, i alhora analitzar el paper i implicació, en tant que escriptor i representant de la cultura catalana, però també a nivell polític, durant la Guerra Civil Espanyola (1936-1939). L&amp;apos;anàlisi s&amp;apos;ha dut a terme a través d&amp;apos;una contextualització amb fonts secundàries i accedint directament a les fonts primàries, com ara les revistes culturals publicades al llarg d&amp;apos;aquest període, i especialment en les Memòries del propi Benguerel, amb la motivació per descobrir la persona que s&amp;apos;amaga darrera de l&amp;apos;obra escrita i l&amp;apos;acció política-cultural realitzada.</subfield>
   </datafield>
   <datafield tag="653" ind2=" " ind1=" ">
      <subfield code="a">Benguerel, Xavier, 1905-1990 -- Punts de vista polítics i socials</subfield>
   </datafield>
   <datafield tag="653" ind2=" " ind1=" ">
      <subfield code="a">Benguerel, Xavier, 1905-1990 -- Biografia</subfield>
   </datafield>
   <datafield ind2="0" ind1="0" tag="245">
      <subfield code="a">L&amp;apos;Actitud i el compromís político-cultural de l&amp;apos;escriptor català Xavier Benguerel i Llobet durant la Guerra Civil (1936-1939)</subfield>
   </datafield>
</record></metadata></record></GetRecord></OAI-PMH>